Homicidio en riña o pelea
Saved in:
| Main Authors: | , |
|---|---|
| Format: | Book |
| Language: | Spanish |
| Published: |
Santiago
Jurídica de Chile
1973
|
| Subjects: | |
| Tags: |
Add Tag
No Tags, Be the first to tag this record!
|
MARC
| LEADER | 00000nam a2200000 a 4500 | ||
|---|---|---|---|
| 001 | UCS0194 | ||
| 003 | CL-VaPUC | ||
| 008 | 970418e19730000CL |||||||||||||||||spa|d | ||
| 082 | 0 | 4 | |a 364.152 |b BAR |2 21 |
| 100 | 0 | |a Baraona V., Carmen Gloria |e author |9 383381 | |
| 700 | 0 | |a Mendoza E., María Antonieta |e author |9 383382 | |
| 245 | 1 | 0 | |a Homicidio en riña o pelea |
| 300 | |a 92 p | ||
| 942 | |c BK | ||
| 945 | |d 19970418 00:00:00 |a paguirre | ||
| 260 | |a Santiago |b Jurídica de Chile |c 1973 | ||
| 650 | 7 | |a DELITOS CONTRA LAS PERSONAS |2 CL-VaPUC |9 256124 | |
| 650 | 7 | |a HOMICIDIO |2 CL-VaPUC |9 336529 | |
| 650 | 7 | |a RIÑA |2 CL-VaPUC |9 383383 | |
| 650 | 7 | |a DERECHO PENAL |2 CL-VaPUC |9 11 | |
| 650 | 0 | |a Códigos |9 352314 | |
| 650 | 0 | |a Asesinatos |9 401043 | |
| 651 | 7 | |a CHILE |2 CL-VaPUC |9 383384 | |
| 583 | |a last modification |c 19970418 00:00:00 |k Rodrigo Vera | ||
| 999 | |c 258435 |d 258433 | ||
| 952 | |0 0 |1 0 |4 0 |6 364_152000000000000_BAR_1973 |7 0 |8 A |9 282530 |a BIBDER |b BIBDER |d 2019-11-19 |i 1831666 |o 364.152 BAR 1973 |p 1831666 |r 2023-01-25 |w 2019-11-19 |y BK |k DER | ||